书目信息 |
| 题名: |
别给孩子这样吃
|
|
| 作者: | 孔令谦 主编 | |
| 分册: | ||
| 出版信息: | 北京 北京出版社 2007.05 |
|
| 页数: | 114页 | |
| 开本: | 22cm | |
| 丛书名: | 好好吃系列丛书 | |
| 单 册: | ||
| 中图分类: | R155.1 | |
| 科图分类: | ||
| 主题词: | 儿童--er tong--饮食--卫生习惯 | |
| 电子资源: | ||
| ISBN: | 978-7-200-06783-5 | |
| 000 | 00849nam 2200253 450 | |
| 001 | 012007619843 | |
| 005 | 20071204140434.35 | |
| 010 | @a978-7-200-06783-5@dCNY16.80 | |
| 100 | @a20071204d2007 km y0chi0120 ea | |
| 101 | 0 | @achi |
| 102 | @aCN@b110000 | |
| 105 | @aa z 000yy | |
| 106 | @ar | |
| 200 | 1 | @a别给孩子这样吃@Abie gei hai zi zhe yang chi@f孔令谦主编@Fkong ling qian zhu bian |
| 210 | @a北京@c北京出版社@d2007.05 | |
| 215 | @a114页@c图@d22cm | |
| 225 | 2 | @a好好吃系列丛书@Ahao hao chi xi lie cong shu |
| 330 | @a健康是人类永恒的话题。本书共分四部分:哺乳期间、日常饮食与健康、饮食与常见疾病、学龄儿童的饮食。 | |
| 410 | 0 | @12001 @a好好吃系列丛书 |
| 606 | 0 | @a儿童@Aer tong@x饮食@x卫生习惯 |
| 690 | @aR155.1@v4 | |
| 701 | 0 | @a孔令谦@Akong ling qian@4主编 |
| 801 | 0 | @aCN@bQSSK@c20071204 |
| 905 | @b270194-96@dR155.1@eK755@f3 | |
| 别给孩子这样吃/孔令谦主编.-北京:北京出版社,2007.05 |
| 114页:图;22cm.-(好好吃系列丛书) |
| ISBN 978-7-200-06783-5:CNY16.80 |
| 健康是人类永恒的话题。本书共分四部分:哺乳期间、日常饮食与健康、饮食与常见疾病、学龄儿童的饮食。 |
| ● |
| 相关链接 |
|
|
|
正题名:别给孩子这样吃
索取号:R155.1/K755
 
预约/预借
| 序号 | 登录号 | 条形码 | 馆藏地/架位号 | 状态 | 备注 |
| 1 | 270194 | 202701941 | 自科库401/401自科库 2排4列1层/ [索取号:R155.1/K755] | 在馆 | |
| 2 | 270195 | 202701950 | 自科库401/ [索取号:R155.1/K755] | 在馆 | |
| 3 | 270196 | 202701969 | 自科库401/ [索取号:R155.1/K755] | 在馆 |